Prekonaná hranica stotisíc

Bibliographic Details
Main Author: Dohovič, Svjatoslav (Author)
Format: Article
Language:Slovak
PhysicalDescription:1 tab.
Subjects:

MARC

LEADER 00000nab a2200000 a 4500
001 vtls001026578
003 SK-MaSNL
005 20260305035106.0
008 040720e20000127xo 0 slo
035 |a SL5132 
040 |a SLLK  |b slo  |c SLLK  |e AACR2 
041 0 |a slo 
044 |a xo  |c SK 
080 |a 331.5  |2 1981 
100 1 |a Dohovič, Svjatoslav  |4 aut  |9 331929 
245 1 0 |a Prekonaná hranica stotisíc 
300 |b 1 tab. 
650 0 7 |a nezamestnanosť  |2 SLLK  |9 4271 
650 0 7 |a vývoj  |2 SLLK  |9 276727 
650 0 7 |a informácie  |2 SLLK  |9 1285 
651 7 |a Prešovský samosprávny kraj (Slovensko)  |2 SLLK  |9 23301 
651 7 |a Stará Ľubovňa (Slovensko : okres)  |2 SLLK  |9 19196 
651 7 |a SL,  |2 SLLK  |9 1022390 
655 7 |a periodikum  |2 snkbucl  |9 29553 
773 0 8 |t Pravda  |g Roč. 10, č.21, 27.1.2000, s. 3 
852 |a ZVYKNI  |b KIS3GCP 
999 |c 3331985  |d 3333915